Southville International School and Colleges
Your cart is empty.
  • Cart
  • Lists
    Public lists Eva Luna New books Lux_list list_1
    Your lists Log in to create your own lists
  • Log in to your account
  • Your cookies
  • Search history
Southville International School and Colleges
  • Advanced search
  • Recent comments
  • Most popular
  • Libraries

Log in to your account

Log in with GOOGLE


If you do not have an external account, but do have a local account, you can still log in:

  1. Home
  2. MARC view: The 39 clues :
Normal view MARC view ISBD view

The 39 clues : (Record no. 34979)

[ view plain ]
MARC details
000 -LEADER
fixed length control field 00816cam a22003017a 4500
001 - CONTROL NUMBER
control field 16241510
003 - CONTROL NUMBER IDENTIFIER
control field OSt
005 - DATE AND TIME OF LATEST TRANSACTION
control field 20140410092417.0
008 - FIXED-LENGTH DATA ELEMENTS--GENERAL INFORMATION
fixed length control field 100519s2010 nyuo 000 0 eng
010 ## - LIBRARY OF CONGRESS CONTROL NUMBER
LC control number 2010929046
020 ## - INTERNATIONAL STANDARD BOOK NUMBER
International Standard Book Number 9780545285049
040 ## - CATALOGING SOURCE
Original cataloging agency DLC
Transcribing agency DLC
Modifying agency DLC
042 ## - AUTHENTICATION CODE
Authentication code pcc
050 00 - LIBRARY OF CONGRESS CALL NUMBER
Classification number PZ 7
Item number .R585 2011
100 1# - MAIN ENTRY--PERSONAL NAME
Personal name Riordan, Rick
9 (RLIN) 20839
245 14 - TITLE STATEMENT
Title The 39 clues :
Remainder of title vespers rising /
Statement of responsibility, etc Rick Riordan.
246 3# - VARYING FORM OF TITLE
Title proper/short title Thirty nine clues
246 3# - VARYING FORM OF TITLE
Title proper/short title Black book of buried secrets
260 ## - PUBLICATION, DISTRIBUTION, ETC. (IMPRINT)
Place of publication, distribution, etc New York :
Name of publisher, distributor, etc Scholastic,
Date of publication, distribution, etc c2010.
300 ## - PHYSICAL DESCRIPTION
Extent 184 p. :
Dimensions 20 cm.
521 ## - TARGET AUDIENCE NOTE
Target audience note
526 ## - STUDY PROGRAM INFORMATION NOTE
Reading level 690
650 ## - SUBJECT ADDED ENTRY--TOPICAL TERM
Topical term or geographic name as entry element Fiction
General subdivision Juvenile
9 (RLIN) 30107
906 ## - LOCAL DATA ELEMENT F, LDF (RLIN)
a 7
b cbc
d 4
e ncip
f 20
g y-gencatlg
942 ## - ADDED ENTRY ELEMENTS (KOHA)
Source of classification or shelving scheme Library of Congress Classification
Koha item type Books
Holdings
Withdrawn status Lost status Source of classification or shelving scheme Damaged status Home library Current library Shelving location Date acquired Total Checkouts Full call number Barcode Date last seen Date checked out Copy number Price effective from Koha item type
    Library of Congress Classification   Luxembourg Library Luxembourg Library Scholastic Reading Center Section 10/16/2013 1 PZ 7 .R585 2011 SCHO0288 04/18/2017 11/13/2015 1 10/16/2013 Books

The 39 clues :

APA

Riordan R., . (2010). The 39 clues. New York: Scholastic.

Chicago

Riordan Rick, . 2010. The 39 clues. New York: Scholastic.

Harvard

Riordan R., . (2010). The 39 clues. New York: Scholastic.

MLA

Riordan Rick, . The 39 clues. New York: Scholastic. 2010.

  • Place hold
  • Print
  • Cite
  • Add to your cart (remove)
  • Save record
    BIBTEX Dublin Core MARCXML MARC (non-Unicode/MARC-8) MARC (Unicode/UTF-8) MARC (Unicode/UTF-8, Standard) MODS (XML) RIS
  • More searches
    Search for this title in:
    Other Libraries (WorldCat) Other Databases (Google Scholar) Online Stores (Bookfinder.com) Open Library (openlibrary.org)

Exporting to Dublin Core...

SOUTHVILLE LIBRARY

Southville International School and Colleges Library

1281 Tropical Ave. Cor. Luxembourg St., BF Homes International, Las Pinas City

Tel. No. 8256374 / 252358 Loc. 117/146

Powered by Koha